Statistics for Biggest Mediterranean Island Cities

Click here to take the quiz!

General Stats

  • This quiz has been taken 17 times
  • The average score is 8 of 11

Answer Stats

Answer % Correct
Palermo
100%
Nicosia
94%
Palma de Mallorca
76%
Cagliari
76%
Heraklion
76%
Catania
71%
Messina
71%
Valletta
71%
Syracuse
53%
Limassol
47%
Sassari
35%

Score Distribution

Percentile by Number Answered

Percent of People with Each Score

Your Score History

You have not taken this quiz